000
00257nam a22001217a 4500
008
180927b xxu||||| |||| 00| 0 eng d
041
_a
eng
080
_a
101
100
_a
24
101
_a
FIL
245
_a
Moral Philosophy
_c
Maritain,J
942
_2
udc
_c
BK
999
_c
48564
_d
48564